Statistiques concernant Age of Empires- nom des unités

Cliquez ici pour prendre le quiz!

Statistiques générales

  • Ce quiz a été pris 51 fois
  • Le résultat moyen est 25 sur 53

Statistiques - réponses

Type de quizRéponse% Correct
archeriearcher
92%
armes de siègeBélier
78%
cavaleriechevalier
78%
cavaleriecavalier
75%
armes de siègeTrébuchet
75%
armes de siègeOnagre
72%
cavaleriepaladin
72%
infanteriechampion
69%
infanteriemilicien
67%
infanteriepiquier
67%
armes de siègeScorpion
64%
archerieArbalétrier
61%
maritimegalion
61%
infanteriehomme d armes
61%
infanterielancier
61%
armes de siègeMangonneau
58%
archerie/ cavaleriearcher de cavalerie
56%
maritimegalère
56%
infanteriehallebardier
56%
autrevillageois
56%
cavalerieHussard
53%
armes de siègeBélier Renforcé
50%
cavalerieCavalier Leger
50%
maritimenavire de peche
50%
armes de siègeOnagre de Siège
50%
armes de siègeScorpion Lourd
47%
archerietirailleur
47%
armes de siègeBélier de Siège
44%
cavalerieCavalier d Eclairage
44%
cavalerieChameau
44%
maritimeGalion à canon
44%
archerieTirailleur d Elite
44%
cavalerieChameau Lourd
42%
infanteriefantassin à épée longue
42%
maritimeNavire de démolition
39%
maritimenavire de transport
39%
archerie/ cavaleriearcher de cavalerie lourd
36%
archerieCanonnier à Main
36%
maritimegalère de guerre
36%
maritimeNavire de démolition lourd
36%
armes de siègeCanon à bombarde
33%
maritimeGalion à canon d'élite
33%
autremoine
33%
maritimeNavire d'incendie
33%
infanteriefantassin à épée à deux mains
31%
maritimeNavire d'Incendie Rapide
31%
maritimenavire marchand
31%
armes de siègeTour de siège
31%
autreBombardier
25%
autreCharrette de Commerce
22%
archerieFantassin à Arc Lourd
14%
maritimeGalère d'Incendie
8%
maritimeRadeau de Démolition
8%

Distribution des résultats

Percentile par nombre de réponses

% des personnes avec chaque résultat

Votre développement - résultats

Vous n’avez pas pris ce quiz